MDQL
is popping MORE tags! Check the
thread
!
Quizzes
Events
Quiz Creation
Community
Videos
Private Events
Remove Ads
Sign In
Join for FREE
Feedback
Dark Mode
Quiz Categories
Sports
Geography
Music
Movies
Television
Just For Fun
Miscellaneous
History
Literature
Language
Science
Gaming
Entertainment
Religion
Holiday
For Kids
Quiz Lab
Recent
Popular Today
Quiz Kudos Today
Editor Picks
Curator Picks
Quizzes by...
Day
Popularity
Type
Ratings
Length
Year
Community
Subscriptions
Recent Discussions
Orange Saloon
Badges
Playlists
Quests
Create
Leaderboards
Showdown
Live 5
Trivia Bingo
Activity
Puzzle Library
Sporcle Events
Private Events
Virtual Trivia
Globe League
Become a Host
Pub Owners
SporcleCon
Opinionation
Our Games
Videos
Blog
Mobile Apps
Partnerships
Remove Ads and Go Orange
Feedback
Music
Pop Music
The Beatles
Song
Album
Lyrics
Bands
Singers
Artist
Clip
Rock
Rap
Classical
Billboard
Country Music
Kpop
Taylor Swift
Music
Pop Music
The Beatles
Song
Album
Lyrics
Bands
Singers
Artist
Clip
Rock
Rap
Classical
Billboard
Country Music
Kpop
Taylor Swift
Random Quiz
Search Sporcle
×
Quiz Lab
Quiz Lab
Music
Nintendo
Type in answers that appear in a list
Type in answers that appear in a list
Classic
Best Score? Go Orange.
ITunes Essentials Artists #, A, & B Stats
Can you name the iTunes Essentials Artists #, A, and B?
By
Danimal23
15m
156 Questions
115 Plays
115 Plays
115 Plays
Comments
Comments
Give Quiz Kudos
Give Quiz Kudos
-
- Ratings
hide this ad
Replay
Link that replays current quiz
Next Quiz
Link to next quiz in quiz playlist
You Got
0%
They Got
Avg Score
7%
Avg Friend Score
Upgrade to see
Score Distribution
Jump to the score distribution portion of the page
Score
0/156
Timer
15:00
0
Plays Today
Artist
% Correct
ABBA
43.5%
The Beach Boys
35.7%
Clint Black
35.7%
Beastie Boys
31.3%
The Allman Brothers Band
27%
James Brown
24.3%
Alice in Chains
22.6%
Clifford Brown
22.6%
Dennis Brown
22.6%
Norman Brown
22.6%
Ruth Brown
22.6%
3 Doors Down
21.7%
Bryan Adams
21.7%
Ryan Adams
20.9%
The Bee Gees
20.9%
Akon
20%
Adam Ant
19.1%
Blink-182
19.1%
Bon Jovi
19.1%
Boston
19.1%
Christina Aguilera
18.3%
Badly Drawn Boy
18.3%
The All-American Rejects
17.4%
Average White Band
17.4%
The Band
17.4%
Black Eyed Peas
16.5%
Beck
15.7%
Blondie
14.8%
The Animals
13%
Barenaked Ladies
13%
Air
12.2%
Johann Sebastian Bach
12.2%
Ashanti
11.3%
The B'52's
11.3%
Beethoven
11.3%
Chuck Berry
11.3%
David Bowie
11.3%
Boyz II Men
11.3%
Breaking Benjamin
11.3%
Bush
11.3%
The Byrds
11.3%
Alabama
10.4%
Arcade Fire
10.4%
The Arctic Monkeys
10.4%
Bad Company
9.6%
Bjork
9.6%
Jackson Browne
9.6%
Anita Baker
8.7%
Blue Oyster Cult
8.7%
Blur
8.7%
John Barry
7.8%
Bright Eyes
7.8%
Artist
% Correct
Paula Abdul
7%
Tori Amos
7%
Animal Collective
7%
Fiona Apple
7%
Chet Baker
7%
Belle and Sebastian
7%
Big Star
7%
The Black Crowes
7%
Bloc Party
7%
Brandy
7%
Toni Braxton
7%
Buffalo Springfield
7%
Gary Allan
6.1%
Andrew Bird
6.1%
Bobby 'Blue' Bland
6.1%
10,000 Maniacs
5.2%
Marc Anthony
5.2%
Erykah Badu
5.2%
Michael Buble
5.2%
Louis Armstrong
4.3%
Atreyu
4.3%
Babyface
4.3%
Bauhaus
4.3%
Tony Bennett
4.3%
Dierks Bentley
4.3%
Black Flag
4.3%
Brooks and Dunn
4.3%
Jimmy Buffett
4.3%
Busta Rhymes
4.3%
Trace Adkins
3.5%
The Avett Brothers
3.5%
Bad Brains
3.5%
Big Pun
3.5%
Booker T. and The M.G.'s
3.5%
A Tribe Called Quest
2.6%
Afghan Whigs
2.6%
Apples in Stereo
2.6%
Joseph Arthur
2.6%
Syd Barrett
2.6%
Basement Jaxx
2.6%
George Benson
2.6%
Dan Bern
2.6%
Blood, Sweat, and Tears
2.6%
Jeff Buckley
2.6%
Tim Buckley
2.6%
Buena Vista Social Club
2.6%
Herb Alpert
1.7%
Horace Andy
1.7%
Aphex Twin
1.7%
Ricardo Arjona
1.7%
Joan Armatrading
1.7%
Autechre
1.7%
Artist
% Correct
Burt Bacharach
1.7%
Irving Berlin
1.7%
Elmer Bernstein
1.7%
Big and Rich
1.7%
Mary J. Blige
1.7%
Luka Bloom
1.7%
Andrea Bocelli: Classical
1.7%
Andrea Bocelli: Pop
1.7%
Billy Bragg
1.7%
David Byrne and Luka Bop: Latin Travels
1.7%
Antonio Aguilar
0.9%
Pepe Aguilar
0.9%
Akwid
0.9%
Alacranes Musical
0.9%
Alexis y Fido
0.9%
Altan
0.9%
Ambrosia
0.9%
Antonio Carlos Jobim & Friends
0.9%
India.Arie
0.9%
Joe Arroyo
0.9%
Aterciopelados
0.9%
Natacha Atlas
0.9%
Atmosphere
0.9%
Federico Aubele
0.9%
Avant
0.9%
Avenutra
0.9%
Ron Ayers
0.9%
Babasonicos
0.9%
Bacilos and Jorge Villamizar
0.9%
The Bad Plus
0.9%
Joan Baez
0.9%
Bajofondo
0.9%
Banda el Recodo
0.9%
Devendra Banhart
0.9%
Richard Barone
0.9%
Ray Barretto
0.9%
Cecilia Bartoli
0.9%
Beat Happening
0.9%
Belanova
0.9%
Laurie Berkner
0.9%
Bikini Kill
0.9%
Black Rebel Motorcycle Club
0.9%
The Brand New Heavies
0.9%
Built to Spill
0.9%
The Black Keys
0%
Black Uhuru
0%
The Blackbyrds
0%
Ruben Baldes
0%
The Blue Nile
0%
Miguel Bose
0%
Chris Botti
0%
Dave Brubeck
0%
Quiz Playlist
Details
Report
Send in Message
Add To Playlist
Classic:
Type in answers that appear in a list
Last Updated: Feb 16, 2017
Quiz Scoreboard
CHALLENGE
Sign Up to Join the Scoreboard
Show All
Scores
Hide
Comments
May contain spoilers
Recently Published
Image Sorting: Flags VI
by Barbecue
Geography
2m
Find the 'City' Movie
by crazypaving
Movies
60s
Colored Red Africa Blitz
by spor1
Geography
45s
More to Explore
Quiz From the Vault
Featured Blog Post
14 Easter Pick-up Lines to Find Eggs With
hide this ad
You Might Also Like...
Tags
Artist Quiz
Nintendo Quiz
essential
tune
Today's Top Quizzes in Music
Browse Music
hide this ad
Today's Top Quizzes in Nintendo
Browse Nintendo
Top Contributed Quizzes in Music
1
5X2 Blitz: Bands II
2
5X2 Blitz: The Beatles
3
Taylor Swift All Songs (2024)
4
5X2 Blitz: Billboard
5
5X2 Blitz: Billboard II
6
5X2 Blitz: Album
7
Taylor Swift Logic Puzzle II
8
5X2 Blitz: Singers
9
5X2 Blitz: Rock
10
5X2 Blitz: Lyrics
Explore More
Trending Topics
Marvel
Anime
NBA
Harry Potter
Disney
Kpop
Crossword
Pokémon
Song
Soccer
Country
WWE
NFL
Puzzle
The Office
hide this ad
More By:
Danimal23
Quiz
Plays
Rating
Category
Featured
Created
Losing US Vice Presidents
34,916
4.53
History
Sep 23, 2009
John Candy Movies
20,326
4.49
Movies
Oct 12, 2009
US Senate Majority Leaders
9,024
4.52
History
Oct 3, 2009
100 Worst Songs Ever
2,419
2.82
Music
Sep 16, 2010
Quarterbacks of 1980's
1,228
4.59
Sports
Jan 31, 2011
Go to Creator's Profile
Score Distribution
Quiz Creator Spotlight
Danimal23
Follow
Send a Message
Quizzes Created
-
Created Quiz Play Count
-
More By This Creator
Popular Quizzes Today
1
Colored Red Africa Blitz
2
Find the US States - No Outlines Minefield
3
Find the 'City' Movie
4
5x2 Blitz: Bands
5
The Countries of the World
6
Find the US States
7
Find the Countries of Europe - No Outlines Minefield
8
US States
More Music Quizzes
Ultimate Kpop Quiz! - EXO!
Quiz Lab
Trending Quizzes
Colored Red Europe Blitz I
Colored Red Europe Blitz II
Colored Red Africa Blitz II
Colored Red Europe Blitz III
Colored Red Africa Blitz III
Recently Updated
How Do You Spell That?
pecheneg
Godzilla Movies
pecheneg
Grab Bag: 4-10 Letters
pecheneg
2024 March Madness Bracket
pecheneg
Famous TV Couples
Peacemaker
Champions League XIs: Real Madrid
pecheneg
Largest US Cities 1790-2010
pecheneg
Rides in Walt Disney World
pecheneg
Most Oscar Losses (Acting)
pecheneg
Beyoncé Albums
pecheneg
Trending Topics
Anime
NBA
Kpop
Crossword
Harry Potter
Marvel
Disney
NFL
WWE
The Office
Song
Pokémon
Country
Puzzle
Soccer
Your Account Isn't Verified!
In order to create a playlist on Sporcle, you need to verify the email address you used during registration. Go to your
Sporcle Settings
to finish the process.
Report this User
Report this user for behavior that violates our
Community Guidelines
.
Details:
Send Report
Go to the Sporcle.com Mobile Site →
Comments